Members of the Justice League (Slideshow) Quiz Stats

Quiz not verified by Sporcle

Challenge
Share
Tweet
Score 0/60 Timer 15:00
0 Plays Today
% Correct
Superman
99.9%
Batman
99.4%
Flash
98.9%
Wonder Woman
97.7%
Green Lantern
97.2%
Green Arrow
95.9%
Supergirl
95.8%
Hawkgirl
94.8%
Aquaman
94.6%
Martian Manhunter
92.7%
Captain Marvel
90.1%
The Atom
90%
Black Canary
88.2%
Booster Gold
83.5%
Huntress
82.3%
Zatanna
81.6%
Red Tornado
81%
Doctor Fate
79.3%
The Question
77.6%
Speedy
76%
Captain Atom
74.9%
Vixen
72.6%
Hawk
68%
Dove
67%
Steel
67%
Elongated Man
66.8%
Stargirl
65.8%
Wildcat
63.6%
Fire
63.1%
Ice
63.1%
% Correct
Metamorpho
60.9%
Orion
56.1%
Etrigan the Demon
55.7%
Atom-Smasher
54%
Mister Terrific
52.9%
Vigilante
52.4%
Blue Devil
50.7%
Creeper
49.5%
Doctor Light
48.2%
Shining Knight
47.2%
Hourman
46.4%
Vibe
44.9%
Gypsy
41.4%
S.T.R.I.P.E.
40.3%
B'wana Beast
40%
Doctor Mid-Nite
39.9%
Aztek
38.9%
Crimson Avenger
37%
Long Shadow
34.1%
Obsidian
31.8%
Starman
31.6%
Sand
31.6%
Rocket Red
29.9%
Crimson Fox
27.7%
The Ray
27.4%
Commander Steel
25.3%
Thunderbolt
25.2%
Johnny Thunder
24.6%
Waverider
18.8%
Nemesis
18.6%

You're not logged in!

Compare scores with friends on all Sporcle quizzes.
Sign Up with Email
OR
Log In

You Might Also Like...

Show Comments

Extras

Top Quizzes Today


Score Distribution

Your Account Isn't Verified!

In order to create a playlist on Sporcle, you need to verify the email address you used during registration. Go to your Sporcle Settings to finish the process.